[Event "Internationaal Jeugdtoernooi Limburg 7"]
[Site "Stein"]
[Date "2001.07.14"]
[Round "6"]
[White "Stoffers, Jeffrey"]
[Black "Plukkel, Sjoerd"]
[Result "0-1"]
[WhiteElo "1283"]
[BlackElo "2033"]
[PlyCount "60"]
[EventDate "2001.07.12"]
[EventType "swiss"]
[EventRounds "7"]
[EventCountry "NED"]
[Source "P.Boonen"]
[SourceDate "2009.01.01"]

1. e4 c5 2. Nf3 Nc6 3. d4 cxd4 4. Nxd4 Nf6 5. Nc3 e6 6. Be3 Bb4 7. f3 d5 8. Bd3
e5 9. Nxc6 bxc6 10. Bd2 O-O 11. O-O Rb8 12. Rb1 h6 13. a3 Bd6 14. Ne2 Be6 15.
b4 Qc7 16. c3 Nh7 17. Qc2 dxe4 18. Bxe4 f5 19. Bd3 c5 20. Rfc1 c4 21. Qa2 e4
22. fxe4 Bxh2+ 23. Kh1 Nf6 24. exf5 Ng4 25. Be1 Qf7 26. Nd4 Qh5 27. Nxe6 Bg3+
28. Kg1 Qh2+ 29. Kf1 Qh1+ 30. Ke2 Qxg2+ 0-1

[Event "Internationaal Jeugdtoernooi Limburg 7"]
[Site "Stein"]
[Date "2001.07.14"]
[Round "6"]
[White "Van Blokland, Tjerk"]
[Black "Schilperoort, Jeroen"]
[Result "1/2-1/2"]
[WhiteElo "1662"]
[BlackElo "1919"]
[PlyCount "51"]
[EventDate "2001.07.12"]
[EventType "swiss"]
[EventRounds "7"]
[EventCountry "NED"]
[Source "P.Boonen"]
[SourceDate "2009.01.01"]

1. e4 c6 2. d4 d5 3. exd5 cxd5 4. c4 Nf6 5. Nc3 Nc6 6. Nf3 e6 7. c5 Be7 8. Bd3
b6 9. cxb6 Qxb6 10. O-O O-O 11. Bb1 Ba6 12. Re1 Rac8 13. Bd3 Bxd3 14. Qxd3 Na5
15. b3 Nc6 16. Bb2 Bb4 17. Rec1 Bxc3 18. Bxc3 Ne4 19. Be1 Rc7 20. Bd2 Nxd2 21.
Qxd2 Rfc8 22. Rc2 h6 23. Rac1 a5 24. h3 Qa6 25. Ne5 a4 26. Rxc6 1/2-1/2

[Event "Internationaal Jeugdtoernooi Limburg 7"]
[Site "Stein"]
[Date "2001.07.14"]
[Round "6"]
[White "Van Leent, Dmitri"]
[Black "Brandenburg, Daan"]
[Result "1-0"]
[WhiteElo "2006"]
[BlackElo "1864"]
[PlyCount "69"]
[EventDate "2001.07.12"]
[EventType "swiss"]
[EventRounds "7"]
[EventCountry "NED"]
[Source "P.Boonen"]
[SourceDate "2009.01.01"]

1. e4 c5 2. c3 d6 3. d4 cxd4 4. cxd4 Nf6 5. Nc3 Nc6 6. Be3 Ng4 7. Bb5 Nxe3 8.
fxe3 Bd7 9. Nge2 g6 10. O-O Bg7 11. Qe1 O-O 12. Qg3 a6 13. Bc4 b5 14. Bb3 Na5
15. Bd5 Rc8 16. a3 e6 17. Ba2 Qe7 18. Nf4 Nc4 19. Bxc4 Rxc4 20. Rad1 a5 21. Rd2
b4 22. axb4 axb4 23. Na2 b3 24. Nc3 Rfc8 25. Rdf2 Be8 26. h4 Qb7 27. Nfe2 Qb6
28. h5 R8c7 29. hxg6 fxg6 30. Qg4 Re7 31. Nf4 Bf7 32. Qg5 Qd8 33. Nfd5 exd5 34.
Rxf7 Re8 35. Qxd5 1-0

[Event "Internationaal Jeugdtoernooi Limburg 7"]
[Site "Stein"]
[Date "2001.07.14"]
[Round "6"]
[White "Van Ruitenburg, Joost"]
[Black "Michielsen, Joost"]
[Result "1-0"]
[WhiteElo "2154"]
[BlackElo "2024"]
[PlyCount "79"]
[EventDate "2001.07.12"]
[EventType "swiss"]
[EventRounds "7"]
[EventCountry "NED"]
[Source "P.Boonen"]
[SourceDate "2009.01.01"]

1. d4 e6 2. Nf3 d5 3. Bg5 Be7 4. Bxe7 Qxe7 5. Nbd2 c5 6. c4 cxd4 7. cxd5 e5 8.
Qa4+ Nd7 9. Nc4 Kf8 10. e3 Ngf6 11. d6 Qe6 12. O-O-O Ne4 13. Qc2 Nxd6 14. exd4
Nxc4 15. Bxc4 Qh6+ 16. Kb1 e4 17. Qxe4 Qg6 18. Qxg6 hxg6 19. Ne5 Nxe5 20. dxe5
Ke7 21. h3 g5 22. b3 Be6 23. Bxe6 Kxe6 24. Rd6+ Kxe5 25. Rhd1 Rh6 26. Rd7 b6
27. Re1+ Kf6 28. Ree7 Rf8 29. Rxa7 g4 30. hxg4 Rh1+ 31. Kb2 Rf1 32. Re2 Rc8 33.
f3 Rg1 34. Ka3 Kg6 35. Kb4 Ra1 36. a4 Rb1 37. Re5 Rb2 38. Rb5 Rc1 39. Rxb6+ f6
40. Rd6 1-0

[Event "Internationaal Jeugdtoernooi Limburg 7"]
[Site "Stein"]
[Date "2001.07.14"]
[Round "6"]
[White "Van Vliet, Jeffrey"]
[Black "Van Veen, Oscar"]
[Result "0-1"]
[WhiteElo "1902"]
[BlackElo "2187"]
[PlyCount "82"]
[EventDate "2001.07.12"]
[EventType "swiss"]
[EventRounds "7"]
[EventCountry "NED"]
[Source "P.Boonen"]
[SourceDate "2009.01.01"]

1. e4 e5 2. Nf3 Nc6 3. Bc4 Nf6 4. d3 Be7 5. Nc3 d6 6. h3 Na5 7. Bb3 Nxb3 8.
axb3 c6 9. O-O O-O 10. Qe2 Qc7 11. Be3 b6 12. d4 Bb7 13. Rfd1 h6 14. Nh2 Qc8
15. f4 exf4 16. Bxf4 Qe6 17. Rd3 Rfe8 18. Rg3 Bf8 19. Ng4 Nxg4 20. Qxg4 Qxg4
21. Rxg4 Kh7 22. d5 cxd5 23. exd5 a6 24. Bg3 g5 25. Rc4 Rac8 26. Re1 Rxe1+ 27.
Bxe1 f5 28. Rxc8 Bxc8 29. Ne2 Bg7 30. Bc3 Bxc3 31. bxc3 b5 32. Nd4 Kg6 33. Kf2
Bd7 34. Ke3 a5 35. Nc6 a4 36. bxa4 bxa4 37. Nb4 Bb5 38. g3 Bf1 39. h4 f4+ 40.
Kf3 fxg3 41. Kxg3 gxh4+ 0-1

[Event "Internationaal Jeugdtoernooi Limburg 7"]
[Site "Stein"]
[Date "2001.07.15"]
[Round "7"]
[White "Holtackers, Daan"]
[Black "Heltzel, Joost"]
[Result "1/2-1/2"]
[WhiteElo "1935"]
[BlackElo "2139"]
[PlyCount "74"]
[EventDate "2001.07.12"]
[EventType "swiss"]
[EventRounds "7"]
[EventCountry "NED"]
[Source "P.Boonen"]
[SourceDate "2009.01.01"]

1. d4 Nf6 2. c4 c5 3. Nf3 cxd4 4. Nxd4 b6 5. Nc3 Bb7 6. f3 g6 7. e4 d6 8. Be2
Bg7 9. O-O O-O 10. Be3 Nc6 11. Qd2 Rc8 12. Rac1 Qd7 13. Rfd1 Rfd8 14. Bf1 Nxd4
15. Bxd4 Ne8 16. Bxg7 Nxg7 17. f4 Bc6 18. Qf2 Qb7 19. Bd3 Qc7 20. Re1 Bb7 21.
Qh4 Ne6 22. Kh1 Nc5 23. Bb1 f6 24. e5 dxe5 25. fxe5 fxe5 26. Re3 Rd4 27. Qh6
Rg4 28. Rg3 Rxg3 29. hxg3 e6 30. b4 Na6 31. a3 Rf8 32. Be4 Nb8 33. Qe3 Nc6 34.
Nb5 Qg7 35. Rd1 Rd8 36. Rxd8+ Nxd8 37. Bxb7 Qxb7 1/2-1/2

[Event "Internationaal Jeugdtoernooi Limburg 7"]
[Site "Stein"]
[Date "2001.07.15"]
[Round "7"]
[White "Kommer, Bas"]
[Black "Blees, Enrico"]
[Result "1-0"]
[WhiteElo "1940"]
[BlackElo "1675"]
[PlyCount "75"]
[EventDate "2001.07.12"]
[EventType "swiss"]
[EventRounds "7"]
[EventCountry "NED"]
[Source "P.Boonen"]
[SourceDate "2009.01.01"]

1. d4 d5 2. Nf3 Nf6 3. Bg5 e6 4. e3 Be7 5. Bd3 Nbd7 6. Nbd2 O-O 7. c3 b6 8. O-O
c5 9. Ne5 Nxe5 10. dxe5 Nd7 11. Bxe7 Qxe7 12. f4 Bb7 13. Nf3 Rfd8 14. Qe2 Nf8
15. Rad1 Ng6 16. Rd2 a6 17. Ng5 Nf8 18. Qh5 h6 19. Nf3 Bc6 20. Bc2 Be8 21. g4
f5 22. exf6 Qxf6 23. Qh3 Bg6 24. f5 exf5 25. Nh4 Qg5 26. Rg2 Bf7 27. Rxf5 Qe7
28. g5 h5 29. Rf4 d4 30. Nf5 Qe8 31. cxd4 cxd4 32. Nxd4 g6 33. Rgf2 Ra7 34. Rf6
Rd5 35. Bb3 Rxg5+ 36. Kf1 Ne6 37. Nxe6 Bxe6 38. Rxe6 1-0

[Event "Internationaal Jeugdtoernooi Limburg 7"]
[Site "Stein"]
[Date "2001.07.15"]
[Round "7"]
[White "L'Ami, Erwin"]
[Black "Van Veen, Oscar"]
[Result "1-0"]
[WhiteElo "2329"]
[BlackElo "2187"]
[PlyCount "75"]
[EventDate "2001.07.12"]
[EventType "swiss"]
[EventRounds "7"]
[EventCountry "NED"]
[Source "P.Boonen"]
[SourceDate "2009.01.01"]

1. Nf3 d5 2. b3 Bg4 3. Bb2 Nd7 4. c4 c6 5. e3 Ngf6 6. Be2 e6 7. Nc3 Bd6 8. cxd5
exd5 9. Nd4 Ne5 10. O-O h5 11. Qc2 Qc7 12. f4 Ng6 13. Rac1 a6 14. Bd3 Ne7 15.
Na4 h4 16. h3 Bc8 17. a3 Nh5 18. b4 Ng3 19. Rf2 Rh5 20. Nc5 b6 21. Ncb3 Bd7 22.
Nf3 f6 23. Bg6+ Nxg6 24. Qxg6+ Kf8 25. Nxh4 Rxh4 26. Qxg3 Rh6 27. Nd4 c5 28.
Nf3 Bf5 29. Nd4 Bd7 30. Ne2 Bf5 31. Nc3 Re8 32. Qf3 d4 33. exd4 cxd4 34. Nb5
axb5 35. Rxc7 Be4 36. Rd7 Bxf3 37. Rxf3 Bb8 38. Bxd4 1-0

[Event "Internationaal Jeugdtoernooi Limburg 7"]
[Site "Stein"]
[Date "2001.07.15"]
[Round "7"]
[White "Michielsen, Joost"]
[Black "Van Leent, Dmitri"]
[Result "0-1"]
[WhiteElo "2024"]
[BlackElo "2006"]
[PlyCount "90"]
[EventDate "2001.07.12"]
[EventType "swiss"]
[EventRounds "7"]
[EventCountry "NED"]
[Source "P.Boonen"]
[SourceDate "2009.01.01"]

1. e4 c5 2. Nf3 Nc6 3. d4 cxd4 4. Nxd4 g6 5. c4 Bg7 6. Be3 Nf6 7. Nc3 O-O 8.
Be2 b6 9. O-O Bb7 10. f3 Qb8 11. Qd2 Rd8 12. Nb3 d6 13. a4 Nd7 14. a5 Nc5 15.
Nxc5 dxc5 16. Qe1 Nd4 17. Bd1 Ba6 18. b3 b5 19. Rb1 b4 20. Ne2 Qc7 21. Qh4
Nxe2+ 22. Bxe2 Bd4 23. Bxd4 Rxd4 24. f4 Bb7 25. Bf3 Bxe4 26. Bxe4 Rxe4 27. Rbe1
Rxe1 28. Rxe1 Re8 29. f5 Qd7 30. Qf2 Qd4 31. fxg6 hxg6 32. Qxd4 cxd4 33. Re5
Kg7 34. Kf2 Kf6 35. Rb5 e5 36. Rxb4 e4 37. c5 e3+ 38. Ke1 Ke5 39. Rb7 Ke4 40.
c6 Re5 41. b4 d3 42. Rd7 Re6 43. b5 Re5 44. b6 Rxa5 45. Rxa7 Rb5 0-1

[Event "Internationaal Jeugdtoernooi Limburg 7"]
[Site "Stein"]
[Date "2001.07.15"]
[Round "7"]
[White "Monteban, Martijn"]
[Black "Van Ruitenburg, Joost"]
[Result "1/2-1/2"]
[WhiteElo "2086"]
[BlackElo "2154"]
[PlyCount "20"]
[EventDate "2001.07.12"]
[EventType "swiss"]
[EventRounds "7"]
[EventCountry "NED"]
[Source "P.Boonen"]
[SourceDate "2009.01.01"]

1. d4 d5 2. Nf3 e6 3. c4 Nf6 4. Nc3 Be7 5. Bg5 O-O 6. e3 h6 7. Bh4 Nbd7 8. Qc2
dxc4 9. Bxc4 a6 10. Rd1 b5 1/2-1/2

[Event "Internationaal Jeugdtoernooi Limburg 7"]
[Site "Stein"]
[Date "2001.07.15"]
[Round "7"]
[White "Schilperoort, Jeroen"]
[Black "Nabuurs, Joep"]
[Result "0-1"]
[WhiteElo "1919"]
[BlackElo "1668"]
[PlyCount "88"]
[EventDate "2001.07.12"]
[EventType "swiss"]
[EventRounds "7"]
[EventCountry "NED"]
[Source "P.Boonen"]
[SourceDate "2009.01.01"]

1. e4 e6 2. d4 d5 3. Nc3 Bb4 4. exd5 exd5 5. a3 Be7 6. Bf4 Bf5 7. Nf3 Nf6 8.
Be2 O-O 9. O-O c6 10. Re1 Re8 11. Qd2 Nbd7 12. Nh4 Be6 13. Nf3 Bf5 14. Bf1 Nf8
15. Ne5 Ng6 16. Nxg6 Bxg6 17. Re2 Nh5 18. Rae1 Nxf4 19. Qxf4 f6 20. g3 Qd7 21.
Qh4 Bd6 22. Qh3 Qf7 23. f4 Bxc2 24. Qg2 Rxe2 25. Qxe2 Bf5 26. Bg2 Kf8 27. Kf2
Re8 28. Qxe8+ Qxe8 29. Rxe8+ Kxe8 30. Nd1 Bc7 31. Ne3 Be4 32. Bh3 Bb6 33. Bc8
Bxd4 34. Bxb7 Kd7 35. b3 Bc2 36. Kf3 Bxe3 37. Kxe3 Bxb3 38. Ba6 Bc4 39. Bxc4
dxc4 40. Kd4 c5+ 41. Kxc4 Kc6 42. g4 g5 43. f5 h6 44. a4 a5 0-1

[Event "Internationaal Jeugdtoernooi Limburg 7"]
[Site "Stein"]
[Date "2001.07.15"]
[Round "7"]
[White "Sminia, Jelmer"]
[Black "Simenon, Jozef"]
[Result "1/2-1/2"]
[WhiteElo "1879"]
[BlackElo "1765"]
[PlyCount "119"]
[EventDate "2001.07.12"]
[EventType "swiss"]
[EventRounds "7"]
[EventCountry "NED"]
[Source "P.Boonen"]
[SourceDate "2009.01.01"]

1. e4 c5 2. Nf3 d6 3. c3 Nf6 4. Qc2 g6 5. d4 cxd4 6. cxd4 Bg7 7. Nc3 O-O 8. Be2
Nc6 9. O-O Bg4 10. Be3 Rc8 11. h3 Bxf3 12. Bxf3 Nd7 13. Qd2 Nb6 14. Be2 e5 15.
d5 Ne7 16. b3 f5 17. f3 f4 18. Bf2 g5 19. Rac1 a6 20. Nb1 Nd7 21. Rxc8 Qxc8 22.
Rc1 Qb8 23. Na3 Rc8 24. Kf1 Kf7 25. Rc2 Rxc2 26. Qxc2 Qc8 27. Qxc8 Nxc8 28. Nc4
b6 29. Nb2 b5 30. a4 bxa4 31. Nxa4 Nb8 32. Nb6 Ne7 33. Na8 Nc8 34. Nc7 Ke7 35.
Nxa6 Nxa6 36. Bxa6 Kd7 37. Ke2 Bf6 38. Kd3 Bd8 39. Bxc8+ Kxc8 40. Kc4 Kb7 41.
Kb5 h6 42. Be1 Be7 43. g3 fxg3 44. Bxg3 Bf6 45. Bf2 Be7 46. Kc4 h5 47. Kd3 h4
48. Ke3 Ka6 49. Kd3 Kb7 50. Kc4 Bf6 51. Kb5 Bd8 52. Be1 Bf6 53. Ba5 Be7 54. Bb6
Bf6 55. Ka5 Be7 56. b4 Bf6 57. b5 Be7 58. Be3 Bd8+ 59. Ka4 Be7 60. Ka5 1/2-1/2

[Event "Internationaal Jeugdtoernooi Limburg 7"]
[Site "Stein"]
[Date "2001.07.15"]
[Round "7"]
[White "Van Blokland, Tjerk"]
[Black "Stoffers, Jeffrey"]
[Result "1-0"]
[WhiteElo "1662"]
[BlackElo "1283"]
[PlyCount "77"]
[EventDate "2001.07.12"]
[EventType "swiss"]
[EventRounds "7"]
[EventCountry "NED"]
[Source "P.Boonen"]
[SourceDate "2009.01.01"]

1. e4 c5 2. Nf3 d6 3. d4 cxd4 4. Nxd4 Nf6 5. Nc3 g6 6. Be3 Ng4 7. Bb5+ Bd7 8.
Qxg4 Nc6 9. Qd1 Bg7 10. Qd2 O-O 11. O-O a6 12. Nxc6 bxc6 13. Bc4 Qb8 14. Rab1
Qb4 15. Bb3 c5 16. a3 Qb7 17. Bd5 Bc6 18. Bxc6 Qxc6 19. Bh6 Rfb8 20. Nd5 Rb7
21. Bxg7 Kxg7 22. Qc3+ Kg8 23. f3 Rab8 24. Ne3 Qc8 25. Ng4 Qf8 26. f4 Qg7 27.
Qxg7+ Kxg7 28. b3 c4 29. b4 a5 30. c3 axb4 31. axb4 Ra8 32. Ra1 Rba7 33. Rxa7
Rxa7 34. Ne3 Rc7 35. Rd1 e5 36. fxe5 dxe5 37. Rd5 f6 38. b5 Kf7 39. b6 1-0

[Event "Internationaal Jeugdtoernooi Limburg 7"]
[Site "Stein"]
[Date "2001.07.15"]
[Round "7"]
[White "Van Dooren, Dirk"]
[Black "Broersen, Sjors"]
[Result "1/2-1/2"]
[WhiteElo "1617"]
[BlackElo "2062"]
[PlyCount "127"]
[EventDate "2001.07.12"]
[EventType "swiss"]
[EventRounds "7"]
[EventCountry "NED"]
[Source "P.Boonen"]
[SourceDate "2009.01.01"]

1. e4 c5 2. d4 cxd4 3. c3 dxc3 4. Nxc3 e6 5. Nf3 a6 6. Bf4 Nc6 7. Bc4 b5 8. Bb3
Bb4 9. O-O Nge7 10. Ne2 O-O 11. Ng3 Bb7 12. a3 Ba5 13. Bc2 Rc8 14. Qe2 d5 15.
exd5 Nxd5 16. Bg5 Nce7 17. Rfd1 h6 18. Qe4 Rxc2 19. Bxe7 Qxe7 20. Qxc2 Rc8 21.
Qd3 Qc7 22. Ne2 Rd8 23. Qb3 Qe7 24. Ng3 Bb6 25. Rac1 Qf6 26. Ne4 Qg6 27. Qc2
Re8 28. Nd6 Qxc2 29. Rxc2 Rb8 30. Nxb7 Rxb7 31. Rdc1 Nf4 32. Rc8+ Kh7 33. R1c2
Rd7 34. h3 Rd1+ 35. Kh2 Rf1 36. g3 Nd3 37. Kg2 Rb1 38. b4 e5 39. Re2 e4 40. Nd2
Rb2 41. Rc3 f5 42. h4 Nxf2 43. Kf1 Nd1 44. Rc6 Ne3+ 45. Ke1 Bd4 46. Rxa6 Bc3
47. Rxe3 Bxd2+ 48. Ke2 Bxe3+ 49. Kxe3 Rb3+ 50. Kf2 g5 51. hxg5 hxg5 52. Rb6 f4
53. Rxb5 Rf3+ 54. Ke2 Rxa3 55. gxf4 gxf4 56. Re5 Ra2+ 57. Ke1 e3 58. Re4 Rf2
59. b5 Kg6 60. b6 Kf5 61. Rb4 f3 62. b7 Rh2 63. Rf4+ Ke6 64. Rxf3 1/2-1/2

[Event "Internationaal Jeugdtoernooi Limburg 7"]
[Site "Stein"]
[Date "2001.07.15"]
[Round "7"]
[White "Van Oosterom, Chiel"]
[Black "Van Vliet, Jeffrey"]
[Result "0-1"]
[WhiteElo "1762"]
[BlackElo "1902"]
[PlyCount "46"]
[EventDate "2001.07.12"]
[EventType "swiss"]
[EventRounds "7"]
[EventCountry "NED"]
[Source "P.Boonen"]
[SourceDate "2009.01.01"]

1. c4 e5 2. Nc3 f5 3. g3 Bc5 4. Bg2 Nf6 5. e3 Nc6 6. Nge2 e4 7. d3 exd3 8. Qxd3
Ne5 9. Qxf5 d6 10. Qc2 O-O 11. b3 Bg4 12. Bxb7 c6 13. Bxa8 Qxa8 14. Bb2 Nf3+
15. Kd1 d5 16. Kc1 Qe8 17. Nd1 Ne4 18. Nec3 Ned2 19. cxd5 cxd5 20. Nxd5 Bd6 21.
Bc3 Bf5 22. Qb2 Qe4 23. Bxd2 Ba3 0-1

[Event "Internationaal Jeugdtoernooi Limburg 7"]
[Site "Stein"]
[Date "2001.07.15"]
[Round "7"]
[White "Van Otten, Gerard J"]
[Black "Ruygrok, Dennis"]
[Result "1/2-1/2"]
[WhiteElo "1955"]
[BlackElo "1937"]
[PlyCount "97"]
[EventDate "2001.07.12"]
[EventType "swiss"]
[EventRounds "7"]
[EventCountry "NED"]
[Source "P.Boonen"]
[SourceDate "2009.01.01"]

1. e4 e5 2. Nf3 Nc6 3. Bb5 a6 4. Ba4 Nf6 5. O-O Be7 6. Re1 b5 7. Bb3 O-O 8. a4
Bb7 9. d3 d6 10. Nbd2 Na5 11. Ba2 c5 12. Nf1 h6 13. Ng3 Re8 14. Bd2 Nc6 15. h3
Bf8 16. Nh2 Qb6 17. Ng4 Nd7 18. Nf5 Nd8 19. Re3 d5 20. Rg3 Kh7 21. exd5 h5 22.
a5 Qc7 23. d6 Qc8 24. Nge3 g6 25. Nd5 Bxd5 26. Bxd5 Rb8 27. Bg5 Nf6 28. Bxf6
Qxf5 29. Bg5 Ne6 30. Be4 Qxg5 31. Rxg5 Nxg5 32. Qxh5+ Bh6 33. Qe2 Rbd8 34. h4
Nxe4 35. dxe4 Rxd6 36. Rd1 Red8 37. Rd3 c4 38. Rxd6 Rxd6 39. g3 Rd2 40. Qf3
Rxc2 41. Qxf7+ Bg7 42. f4 exf4 43. gxf4 Kh6 44. f5 Bd4+ 45. Kh1 Kh5 46. Qxg6+
Kxh4 47. f6 Rc1+ 48. Kh2 Rc2+ 49. Kh1 1/2-1/2